Central Library OPAC University of Rajshahi

The geographical lore of the time of the Crusades : (Record no. 27748)

MARC details
000 -LEADER
fixed length control field 01003nam a2200265 a 4500
001 - CONTROL NUMBER
control field 27748
003 - CONTROL NUMBER IDENTIFIER
rucl marc code BD-RjUL
005 - DATE AND TIME OF LATEST TRANSACTION
control field 20211209051209.0
008 - FIXED-LENGTH DATA ELEMENTS--GENERAL INFORMATION
fixed length control field 140327r19651925xxu 000 0 eng d
035 ## - SYSTEM CONTROL NUMBER
System control number (BD-RjUL)27827
040 ## - CATALOGING SOURCE
Original cataloging agency BD-RjUL
Language of cataloging eng
Transcribing agency BD-RjUL
Modifying agency BD-RjUL
041 ## - LANGUAGE CODE
Language code of text/sound track or separate title eng
082 ## - DEWEY DECIMAL CLASSIFICATION NUMBER
Classification number 940.18
Author mark and year WRG 1965
100 1# - MAIN ENTRY--PERSONAL NAME
Personal name Wright, John Kirtland,
Dates associated with a name 1891-1969.
9 (RLIN) 44464
245 14 - TITLE STATEMENT
Title The geographical lore of the time of the Crusades :
Remainder of title a study in the history of medieval science and tradition in Western Europe /
Statement of responsibility, etc. by John Kirtland Wright, with a new introduction by Clarence J. Glacken
260 ## - PUBLICATION, DISTRIBUTION, ETC. (IMPRINT)
Place of publication, distribution, etc. New York :
Name of publisher, distributor, etc. Dover Publications,
Date of publication, distribution, etc. 1965
300 ## - PHYSICAL DESCRIPTION
Pagination xxxiii, 563 p :
Illustrations ill, maps ;
Size 21 cm
500 ## - GENERAL NOTE
General note Originally published: New York: American Geographical Society, 1925
504 ## - BIBLIOGRAPHY, ETC. NOTE
Bibliography, etc Includes bibliography and index
650 #0 - SUBJECT ADDED ENTRY--TOPICAL TERM
Topical term or geographic name as entry element Geography, Medieval
9 (RLIN) 62035
Topical term or geographic name as entry element Geography
General subdivision History
9 (RLIN) 85177
700 1# - ADDED ENTRY--PERSONAL NAME
Personal name Glacken, Clarence J.
942 ## - ADDED ENTRY ELEMENTS (KOHA)
Source of classification or shelving scheme Dewey Decimal Classification
Koha item type Books
Holdings
Lost status Source of classification or shelving scheme Damaged status Not for loan Collection code Permanent Location Current Location Shelving location Date acquired Source of acquisition Cost, normal purchase price Total Checkouts Full call number Date last seen Copy number Koha item type
  Dewey Decimal Classification   Added to bundle Non-fiction Central Library, University of Rajshahi Central Library, University of Rajshahi Reading Room 28/05/1968 zeithinger 26.00   940.18 WRG 1965 27/03/2014 C-1 Books